000 00261nam a2200097Ia 4500
001 798063
005 20250826170820.0
008 250824s9999 xx 000 0 und d
245 0 _aBÖYLE ŞEYLER FİLMLERDE OLUR
_cİSMAİL KILIÇARSLAN
260 _bKETEBE YAYINLARI
999 _c798063
_d798063